Teoría y práctica de la educación preescolar

Պահպանված է:
Մատենագիտական մանրամասներ
Ձևաչափ: Գիրք
Լեզու:իսպաներեն
Հրապարակվել է: Buenos Aires EUDEBA 1969
Շարք:La Escuela en el Tiempo
Խորագրեր:
Ցուցիչներ: Ավելացրեք ցուցիչ
Չկան պիտակներ, Եղեք առաջինը, ով նշում է այս գրառումը!

MARC

LEADER 00000nam a2200000 a 4500
001 UCU0112
003 CL-VaPUC
008 960315e19690000AG |||||||||||||||||spa|d
082 0 4 |a 372.21  |b TEO  |2 21 
245 1 0 |a Teoría y práctica de la educación preescolar 
300 |a 402 p 
942 |c BK 
945 |d 19960315 00:00:00  |a lriquelm 
260 |a Buenos Aires  |b EUDEBA  |c 1969 
650 0 |a Educación preescolar  |9 260381 
650 7 |a EDUCADOR DE PARVULOS  |2 CL-VaPUC  |9 339207 
650 0 |a Métodos de enseñanza  |9 270413 
650 0 |a Niños de edad preescolar  |9 335607 
583 |a last modification  |c 19960315 00:00:00  |k Rodrigo Vera 
490 0 |a La Escuela en el Tiempo 
999 |c 245057  |d 245055 
952 |0 0  |1 0  |4 0  |6 372_210000000000000_TEO_1969  |7 0  |8 P  |9 259425  |a BIBEDU  |b BIBEDU  |c BIBEDU_PB  |d 2019-11-19  |i 2764121  |o 372.21 TEO 1969  |p 2764121  |r 2024-01-25  |w 2019-11-19  |y BK  |k EDU